[Event "Brno CEZ Talent"]
[Site "?"]
[Date "2013.08.26"]
[Round "3"]
[White "Effenberger, Adam"]
[Black "Stanek, Stanislav"]
[Result "0-1"]
[WhiteElo "1700"]
[BlackElo "1967"]
[PlyCount "64"]

1. d4 d6 2. c4 e5 3. dxe5 dxe5 4. Qxd8+ Kxd8 5. e4 Be6 6. Nf3 f6 7. Be3 Nd7 8.
Be2 Bc5 9. Nc3 Bxe3 10. fxe3 c6 11. O-O-O Nh6 12. h3 Nf7 13. Rd2 Ke7 14. Rhd1
Rhd8 15. Nh4 g6 16. Nf3 b6 17. Nh2 Rac8 18. Bg4 Nc5 19. Bxe6 Nxe6 20. b4 Nd6
21. b5 Nxc4 22. Rxd8 Rxd8 23. bxc6 Rxd1+ 24. Kxd1 Nxe3+ 25. Ke2 Nxg2 26. Nd5+
Kd6 27. Nxf6 Ngf4+ 28. Ke3 Nxh3 29. Nxh7 Nhg5 30. Nxg5 Nxg5 31. Ng4 Nf7 32. Kd3
Kxc6 0-1

[Event "Brno CEZ Talent"]
[Site "?"]
[Date "2013.08.26"]
[Round "3"]
[White "Vesely, Jaromir"]
[Black "von Keyserlingk, Chanda"]
[Result "1-0"]
[WhiteElo "1961"]
[BlackElo "1673"]
[PlyCount "93"]

1. Nf3 Nf6 2. c4 g6 3. g3 d6 4. d4 Bg7 5. Nc3 O-O 6. Bg2 c6 7. e4 e5 8. d5 Na6
9. Qe2 Nc7 10. O-O cxd5 11. Nxd5 Nfxd5 12. cxd5 b6 13. Rd1 Ba6 14. Qc2 Rc8 15.
Qb3 h6 16. Bh3 Ra8 17. Bd2 Bc8 18. Bg2 Na6 19. Qe3 Bd7 20. Rdc1 Qe7 21. b4 Rac8
22. Bf1 Rxc1 23. Rxc1 Bc8 24. Qa3 Nb8 25. b5 Bg4 26. h3 Bc8 27. Rc2 f5 28. Qc1
fxe4 29. Nh4 Bf5 30. Bxh6 Bxh6 31. Nxf5 gxf5 32. Qxh6 Qf6 33. Qxf6 Rxf6 34. h4
Kg7 35. Bh3 Kg6 36. Rc7 a6 37. Rb7 Rf8 38. Rxb6 axb5 39. Rxd6+ Rf6 40. Rd8 Na6
41. d6 Kf7 42. Bf1 Nc5 43. Bxb5 e3 44. fxe3 Ne4 45. Bc4+ Kg7 46. Rg8+ Kh7 47.
d7 1-0

[Event "Brno CEZ Talent"]
[Site "?"]
[Date "2013.08.26"]
[Round "3"]
[White "Zeman, Radek"]
[Black "Navratilova, Alena"]
[Result "1-0"]
[WhiteElo "1895"]
[BlackElo "1684"]
[PlyCount "87"]

1. e4 e6 2. d4 d5 3. Nc3 dxe4 4. Nxe4 Nd7 5. Nf3 h6 6. Bd3 Ngf6 7. O-O Nxe4 8.
Bxe4 Nf6 9. Bd3 Bd6 10. Re1 O-O 11. b3 Bb4 12. Bd2 Bxd2 13. Qxd2 b6 14. c4 Bb7
15. Ne5 Qd6 16. Rad1 c5 17. dxc5 Qxc5 18. Bb1 Qc7 19. Nd7 Nxd7 20. Qxd7 Qc6 21.
Be4 Qxd7 22. Rxd7 Bxe4 23. Rxe4 Rfd8 24. Red4 Rxd7 25. Rxd7 Kf8 26. Kf1 Ke8 27.
Rb7 g6 28. Ke2 Kf8 29. Ke3 Kg7 30. Rd7 Kf6 31. Ke4 g5 32. g4 a6 33. b4 Rc8 34.
Kd4 Rc6 35. a4 Kg6 36. c5 bxc5+ 37. bxc5 Rc8 38. Rd6 a5 39. c6 Kf6 40. Kc5 Ke5
41. Rd2 f5 42. Kb6 fxg4 43. Kb7 Rf8 44. c7 1-0

[Event "Brno CEZ Talent"]
[Site "?"]
[Date "2013.08.26"]
[Round "3"]
[White "Paulik, Martin"]
[Black "Koci, Tereza"]
[Result "1-0"]
[WhiteElo "1875"]
[BlackElo "1426"]
[PlyCount "61"]

1. c4 c5 2. Nc3 e6 3. g3 Nc6 4. Bg2 a6 5. Nf3 Qc7 6. O-O Nf6 7. b3 b6 8. Bb2
Be7 9. d4 cxd4 10. Nxd4 Bb7 11. e4 O-O 12. a3 Rab8 13. b4 Ne5 14. Rc1 Nxc4 15.
Ba1 d5 16. exd5 exd5 17. Nf5 Rfd8 18. Qe2 Bf8 19. Nxd5 Bxd5 20. Bxf6 gxf6 21.
Bxd5 Rxd5 22. Rxc4 Qd7 23. Rg4+ Kh8 24. Ne3 Re5 25. Rd1 Qe6 26. Qf3 b5 27. Rf4
Bg7 28. Ng4 Re1+ 29. Rxe1 Qxe1+ 30. Kg2 Qe7 31. Nxf6 1-0

[Event "Brno CEZ Talent"]
[Site "?"]
[Date "2013.08.26"]
[Round "3"]
[White "Kubat, Pavel"]
[Black "Prokop, Jiri"]
[Result "1-0"]
[WhiteElo "1942"]
[BlackElo "1758"]
[PlyCount "201"]

1. c4 f5 2. b3 Nf6 3. Bb2 e6 4. g3 c6 5. Bg2 d5 6. Nf3 Be7 7. O-O O-O 8. d3 Qc7
9. Nbd2 Nbd7 {(R)} 10. Rc1 Qa5 11. a3 Re8 12. b4 Qd8 13. Qc2 a6 14. Rfd1 Nf8
15. e4 fxe4 16. dxe4 Ng6 17. Ne5 Nxe5 18. Bxe5 Ng4 19. Bb2 Qb6 {(R)} 20. Nf3
dxe4 21. c5 Qc7 22. Qxe4 Bf6 23. Nd4 Nh6 24. Bc3 e5 25. Nxc6 Bf5 26. Qd5+ Be6
27. Qd6 Qxd6 28. Rxd6 Nf7 29. Rxe6 Rxe6 30. Na5 e4 31. Bxf6 gxf6 32. Nxb7 f5
33. a4 Ne5 34. Nd6 Nd3 35. Rc4 Rb8 36. b5 axb5 37. axb5 Nxc5 38. Nxf5 Rxb5 39.
Bf1 Re5 40. g4 Rb1 41. Kg2 Kf7 42. h3 Ne6 43. Nd6+ Kg6 44. Nxe4 Re1 45. Ng3 Nc5
46. h4 Kf7 47. Rf4+ Ke7 48. Bc4 Ne6 49. Rf3 Rc1 50. Bb3 Rb1 51. Bc2 Rb4 52.
Nf5+ Kd7 53. Kg3 Nd4 54. Nxd4 Rxd4 55. Bxh7 Re1 56. Bf5+ Ke7 57. Rc3 Kf6 58.
Rc6+ Kg7 59. h5 Rh1 60. f3 Rb4 61. Rg6+ Kh8 62. h6 Rb8 63. Rd6 Rg8 64. Kf4 Rf8
65. Re6 Rc1 66. Kg5 Rc5 67. h7 Rc7 68. Kf4 Rc4+ 69. Kg3 Rc7 70. Re5 Rc1 71. Be4
Rh1 72. g5 Rg1+ 73. Kf2 Rg4 74. Ke3 Rg3 75. g6 Rg1 76. Kf2 Rg4 77. Re7 Rg5 78.
Ke3 Rg1 79. Kd4 Rd8+ 80. Ke5 Rf8 81. f4 Rg4 82. f5 Rxf5+ 83. Bxf5 Re4+ 84. Kf6
Rxe7 85. Kxe7 Kg7 86. Bd3 Kh8 87. Ke6 Kg7 88. Kf5 Kh8 89. Bc2 Kg7 90. Bb1 Kh8
91. Ba2 Kg7 92. Bg8 Kh8 93. Kg4 Kg7 94. Kh5 Kh8 95. Bc4 Kg7 96. Bd3 Kh8 97. Kg5
Kg7 98. h8=Q+ Kxh8 99. Kf6 Kg8 100. Bc4+ Kf8 101. g7+ 1-0

[Event "Brno CEZ Talent"]
[Site "?"]
[Date "2013.08.26"]
[Round "3"]
[White "Zuziak, Petr"]
[Black "Martisek, Karel"]
[Result "0-1"]
[WhiteElo "1713"]
[BlackElo "1872"]
[PlyCount "146"]

1. d4 d5 2. Nf3 Nf6 3. e3 e6 4. Bd3 c5 5. b3 Nc6 6. Nbd2 cxd4 7. exd4 Be7 8.
O-O Bd7 9. Bb2 Rc8 10. a3 O-O 11. Ne5 Be8 12. f4 Qb6 13. Ndf3 Ne4 14. c4 f6 15.
c5 Qc7 16. Nxc6 Bxc6 17. Qc1 Qd7 18. Re1 Rfe8 19. Qc2 {(R)} Bd8 20. Bxe4 dxe4
21. Nd2 f5 22. Nc4 Bd5 23. Nd6 Bc7 24. Nxc8 Rxc8 25. Bc1 Qf7 26. Rb1 a6 27. Be3
Qd7 28. Rec1 Bc6 29. a4 {(R)} g5 30. g3 g4 31. Qd2 Kf7 32. Rb2 Kg6 33. Qg2 Qg7
34. h3 h5 35. hxg4 hxg4 36. Qh1 Rd8 37. Rh2 Rxd4 38. Rh5 Bd8 39. Rh6+ Qxh6 40.
Qxh6+ Kxh6 41. Bxd4 Ba5 42. Bc3 Bd8 43. Ra1 Be7 44. Bd4 a5 45. Kf2 Bd5 46. Rb1
Kg6 47. b4 axb4 48. Rxb4 Bd8 49. Rb1 Bc6 50. Ra1 Ba5 51. Ke3 Kf7 52. Rh1 Bd5
53. Rh7+ Ke8 54. Kf2 Kd8 55. Rh8+ Kd7 56. Ra8 Bc7 57. Rh8 Bb3 58. Ra8 Kc6 59.
Rc8 Kd7 60. Ra8 {(R)} Bc4 61. Rh8 Bb3 62. Ra8 Bd5 63. a5 b5 64. Ra7 Kc6 65. Ra8
Kb7 66. Rh8 Bxa5 67. Be5 b4 68. Rh7+ Kc6 69. Bd4 Kb5 70. Ra7 b3 71. Rd7 Kc4 72.
Ra7 Bb4 73. Bb2 Bxc5+ 0-1

[Event "Brno CEZ Talent"]
[Site "?"]
[Date "2013.08.26"]
[Round "3"]
[White "Kandalec, Stefan"]
[Black "Eichler, Bretislav"]
[Result "0-1"]
[WhiteElo "1843"]
[BlackElo "1701"]
[PlyCount "93"]

1. e4 c5 2. Nf3 Nc6 3. Be2 g6 4. c3 Bg7 5. O-O d6 6. h3 Nf6 7. d3 O-O 8. Be3 b6
9. Qd2 Bb7 10. Bh6 Qc7 11. Bxg7 Kxg7 12. c4 Rad8 13. Nc3 e6 14. Qf4 e5 15. Qh2
a6 16. Bd1 Nh5 17. Nd5 Qb8 18. Nxb6 Nb4 19. Ne1 Nf4 20. Nd5 Bxd5 21. exd5 Nbxd3
22. b3 Nxe1 23. Rxe1 Qb4 24. Bf3 f5 25. Qg3 Nd3 26. Red1 e4 27. a3 Qc3 28. Be2
f4 29. Qg5 Ne5 30. h4 Rd7 31. h5 h6 32. Qh4 g5 33. Qh3 f3 34. gxf3 Rdf7 35. Qe6
Rf6 36. Qh3 Qc2 37. Re1 R8f7 38. Bd1 Qb2 39. Be2 exf3 40. Rab1 Qxa3 41. Bf1 Rf4
42. Ra1 Qb2 43. Rxa6 Rg4+ 44. Bg2 Rxg2+ 45. Kh1 Qxf2 46. Rg1 g4 47. Ra2 0-1

[Event "Brno CEZ Talent"]
[Site "?"]
[Date "2013.08.26"]
[Round "3"]
[White "Blazek, Pavel"]
[Black "Lisik, Miroslav"]
[Result "1/2-1/2"]
[WhiteElo "1820"]
[BlackElo "1667"]
[PlyCount "116"]

1. Nc3 Nf6 2. e4 c5 3. e5 Ng8 4. Bc4 e6 5. f4 Nc6 6. Nf3 g6 7. d4 cxd4 8. Nxd4
Bg7 9. Ndb5 Nge7 10. Nd6+ Kf8 11. Nce4 Nf5 12. Nxf5 gxf5 13. Nd6 Nxe5 14. Qh5
Ng6 15. Bd2 a5 16. Rd1 b6 17. Qf3 Ba6 18. Bc3 Bxc4 19. Nxc4 d5 20. Bd4 Bxd4 21.
Rxd4 Qc7 22. O-O Rc8 23. Ne3 h5 24. c4 dxc4 25. Rxc4 Qb8 26. Rfc1 Rxc4 27. Rxc4
b5 28. Rd4 Kg7 29. g3 Qa8 30. Qxa8 Rxa8 31. Rd7 Rb8 32. b3 a4 33. bxa4 bxa4 34.
Ra7 Rb1+ 35. Nf1 Rb4 36. a3 Re4 37. Nd2 Rd4 38. Nf3 Rd3 39. Ng5 Nh8 40. Rxa4
Rd7 41. Ra8 Ng6 42. a4 h4 43. a5 hxg3 44. hxg3 Ne7 45. Nf3 Nc6 46. Ne5 Nxe5 47.
fxe5 Rd5 48. a6 Rxe5 49. Kf2 Ra5 50. Ke3 e5 51. Ra7 Kf6 52. Ra8 Ra3+ 53. Kf2
Ke7 54. Kg2 Kf6 55. Kf2 e4 56. Kg2 Ra2+ 57. Kf1 Ra3 58. Kf2 Ra2+ 1/2-1/2

[Event "Brno CEZ Talent"]
[Site "?"]
[Date "2013.08.26"]
[Round "3"]
[White "Sojka, Oldrich"]
[Black "Zikan, Karel"]
[Result "1/2-1/2"]
[WhiteElo "1639"]
[BlackElo "1795"]
[PlyCount "71"]

1. e4 c6 2. Nc3 d5 3. exd5 cxd5 4. d4 Nf6 5. Be3 Nc6 6. a3 Bf5 7. Nf3 e6 8. Bb5
Bd6 9. h3 O-O 10. Bd3 Bxd3 11. Qxd3 Rc8 12. O-O a6 13. Ne2 Na5 14. b3 b5 15.
Bg5 Be7 16. Ng3 Qc7 17. Rfc1 Nb7 18. a4 Nd6 19. Bf4 Qc3 20. Qxc3 Rxc3 21. Ne2
Rcc8 22. axb5 axb5 23. Ra7 Rfe8 24. Ne5 Kf8 25. Nd7+ Nxd7 26. Rxd7 Ne4 27. f3
Nc3 28. Nxc3 Rxc3 29. Bd2 Rc6 30. Ra7 Rec8 31. Ra2 Bf6 32. Be3 Rc3 33. Kf2 h6
34. Ke2 {(R)} Bg5 35. Bd2 Bxd2 36. Kxd2 1/2-1/2

[Event "Brno CEZ Talent"]
[Site "?"]
[Date "2013.08.26"]
[Round "3"]
[White "Kosina, Vladimir"]
[Black "Glacner, Karel"]
[Result "1-0"]
[WhiteElo "1773"]
[BlackElo "1583"]
[PlyCount "119"]

1. e4 e5 2. Nf3 Nc6 3. Bb5 Nd4 4. Nxd4 exd4 5. c3 Qg5 6. Bf1 Bc5 7. d3 Qf6 8.
c4 Ne7 9. a3 d6 10. b4 Bb6 11. Bb2 c5 12. Nd2 Bc7 13. Nb3 b6 14. g3 Nc6 15. b5
Ne5 16. Bg2 Bg4 17. Qc2 Nf3+ 18. Kf1 Ne5 19. f4 Bd7 20. h3 O-O-O 21. Kg1 Ng6
22. Qf2 Rde8 23. Re1 Kd8 24. Bc1 d5 25. e5 Qf5 26. Bxd5 Qxd3 27. Nd2 f5 28. Qf3
Qxf3 29. Bxf3 h5 30. h4 Kc8 31. Rh2 Bd8 32. Be2 Nf8 33. Bd3 g6 34. Rhe2 Ne6 35.
Nf3 Be7 36. Bd2 Kb7 37. a4 Ra8 38. Ra1 Be8 39. Be1 Bd7 40. Rea2 Rhd8 41. Bd2
Bc8 42. a5 Rd7 43. axb6 Kxb6 44. Ba5+ Kb7 45. Bd2 Kb8 46. Ne1 Bd8 47. Be2 Bb7
48. Ra3 Bb6 49. Kf2 Be4 50. Nd3 Kb7 51. Ba5 Bc7 52. Bxc7 Nxc7 53. Nxc5+ Kc8 54.
Nxd7 Kxd7 55. Rxa7 d3 56. Bxd3 Bxd3 57. b6 Rc8 58. Rd1 Kc6 59. Rxc7+ Rxc7 60.
bxc7 1-0

[Event "Brno CEZ Talent"]
[Site "?"]
[Date "2013.08.27"]
[Round "4"]
[White "Svoboda, Vaclav"]
[Black "Bernasek, Jan"]
[Result "1/2-1/2"]
[WhiteElo "2424"]
[BlackElo "2535"]
[PlyCount "52"]

1. e4 c5 2. Nf3 d6 3. d4 cxd4 4. Nxd4 Nf6 5. Nc3 a6 6. Be3 Ng4 7. Bc1 Nf6 8.
Be3 Ng4 9. Bc1 Nc6 10. Be2 Nf6 11. Be3 e6 12. f4 Be7 13. Bf3 Qc7 14. O-O O-O
15. Kh1 Re8 16. a4 Bd7 17. Nb3 Nb4 18. Rf2 e5 19. f5 d5 20. exd5 Bxf5 21. g4
Bg6 22. g5 Nd7 23. Ne4 Qc4 24. Na5 Qc5 25. Nb3 Qc4 26. Na5 Qc7 1/2-1/2

[Event "Brno CEZ Talent"]
[Site "?"]
[Date "2013.08.27"]
[Round "4"]
[White "Polak, Tomas"]
[Black "Velicka, Petr"]
[Result "1/2-1/2"]
[WhiteElo "2492"]
[BlackElo "2421"]
[PlyCount "31"]

1. d4 d5 2. c4 c6 3. Nc3 Nf6 4. e3 e6 5. Nf3 a6 6. Qc2 c5 7. dxc5 Bxc5 8. a3
dxc4 9. Bxc4 O-O 10. b4 Be7 11. Bb2 b5 12. Bb3 Bb7 13. O-O Nbd7 14. Rfd1 Qb6
15. Qe2 Rfd8 16. Rac1 {(R)} 1/2-1/2

[Event "Brno CEZ Talent"]
[Site "?"]
[Date "2013.08.27"]
[Round "4"]
[White "Ponizil, Cyril"]
[Black "Zwardon, Vojtech"]
[Result "1/2-1/2"]
[WhiteElo "2421"]
[BlackElo "2384"]
[PlyCount "59"]

1. e4 c5 2. Nf3 Nc6 3. d4 cxd4 4. Nxd4 e5 5. Nb5 a6 6. Nd6+ Bxd6 7. Qxd6 Qe7 8.
Qxe7+ Ngxe7 9. Nc3 d5 10. exd5 Nb4 11. Bd3 Bf5 12. Bxf5 Nxf5 13. Kd1 O-O-O 14.
Be3 Nxd5 15. Nxd5 Rxd5+ 16. Ke2 Rhd8 17. Rhd1 Kc7 18. Rxd5 Rxd5 19. a4 Kc6 20.
Ra3 Nd4+ 21. Bxd4 exd4 22. Rf3 f6 23. Kd3 Rg5 24. g3 Ra5 25. b3 Rc5 26. Rf4
Rc3+ 27. Kxd4 Rxc2 28. Kd3 Rb2 29. Kc3 Re2 30. Kd3 1/2-1/2

[Event "Brno CEZ Talent"]
[Site "?"]
[Date "2013.08.27"]
[Round "4"]
[White "Kuchynka, Luka"]
[Black "Plat, Vojtech"]
[Result "1/2-1/2"]
[WhiteElo "2316"]
[BlackElo "2470"]
[PlyCount "26"]

1. d4 Nf6 2. Nf3 e6 3. e3 c5 4. Bd3 Nc6 5. O-O d5 6. b3 Bd6 7. Bb2 O-O 8. Nbd2
Re8 9. Ne5 Qb6 10. dxc5 Qxc5 11. Ndf3 Ne4 12. Nxc6 Qxc6 13. Nd4 Qc5 {(R)}
1/2-1/2

[Event "Brno CEZ Talent"]
[Site "?"]
[Date "2013.08.27"]
[Round "4"]
[White "Chytilek, Roman"]
[Black "Chudinovskis, Alexander"]
[Result "0-1"]
[WhiteElo "2382"]
[BlackElo "2299"]
[PlyCount "116"]

1. d4 Nf6 2. c4 e6 3. Nf3 d5 4. Nc3 Be7 5. Qc2 O-O 6. Bg5 Na6 7. Rd1 Nb4 8. Qb1
c5 9. e3 cxd4 10. Nxd4 Qa5 11. Nb3 Qb6 12. cxd5 Nbxd5 13. Nxd5 exd5 14. Bd3
Bb4+ 15. Kf1 h6 16. Bh4 Bd7 17. h3 Rac8 18. Nd4 Rfe8 19. Bxf6 Qxf6 20. Bh7+ Kf8
21. Bf5 Bxf5 22. Nxf5 Re5 23. Ng3 Rxe3 24. Qh7 Ree8 25. Nf5 g6 26. Nxh6 Qg7 27.
Qxg7+ Kxg7 28. Ng4 d4 29. g3 Rc2 30. Rxd4 Rxb2 31. a4 Bc5 32. Rd5 b6 33. Rh2
Re7 34. a5 Ra2 35. axb6 Bxb6 36. h4 Re4 37. Ne5 Ree2 38. Nd3 Rad2 39. h5 Rxf2+
40. Rxf2 Bxf2 41. hxg6 fxg6 42. g4 Kh6 43. g5+ Kg7 44. Rd7+ Kf8 45. Rb7 Bd4 46.
Nb4 Rf2+ 47. Ke1 Rb2 48. Rb8+ Kf7 49. Kd1 Bc3 50. Nc6 Rxb8 51. Nxb8 Ke6 52. Kc2
Be5 53. Nc6 a6 54. Kd3 Kf5 55. Nb4 a5 56. Nc6 a4 57. Kc4 a3 58. Kb3 Bb2 0-1

[Event "Brno CEZ Talent"]
[Site "?"]
[Date "2013.08.27"]
[Round "4"]
[White "Skliba, Martin"]
[Black "Bures, Jaroslav"]
[Result "1-0"]
[WhiteElo "2271"]
[BlackElo "2377"]
[PlyCount "67"]

1. d4 Nf6 2. Nf3 e6 3. c4 b6 4. Nc3 Bb7 5. e3 d5 6. cxd5 exd5 7. Bd3 Bd6 8. O-O
O-O 9. a3 Re8 10. b4 a5 11. b5 Nbd7 12. Qb3 Nf8 13. a4 Ng6 14. Ba3 Bxa3 15.
Qxa3 Ne4 16. Rac1 Rc8 17. Rc2 Nh4 18. Nxh4 Qxh4 19. Qb3 Qg5 {(R)} 20. Rfc1 h5
21. Bxe4 dxe4 22. Ne2 Re7 23. Nf4 Rd7 24. h3 h4 25. Rc3 Qh6 26. Qd1 g5 27. Qg4
Re7 28. Rc6 Bxc6 29. Rxc6 Qf8 30. Qxg5+ Kh7 31. Qxh4+ Kg8 32. Nd5 Re6 33. Rxe6
fxe6 34. Ne7+ 1-0

[Event "Brno CEZ Talent"]
[Site "?"]
[Date "2013.08.27"]
[Round "4"]
[White "Lanc, Alois"]
[Black "Kratochvil, Milan"]
[Result "1-0"]
[WhiteElo "2363"]
[BlackElo "2180"]
[PlyCount "56"]

1. e4 e5 2. Bc4 c6 3. Nf3 d5 4. Bb3 Bg4 5. h3 Bh5 6. Qe2 Bxf3 7. Qxf3 Nf6 8.
exd5 e4 9. Qf5 g6 10. Qf4 cxd5 11. d3 Bd6 12. Qh6 Qe7 13. O-O Qe5 14. g3 Nh5
15. d4 Qxd4 16. Nc3 Qe5 17. Qg5 Nc6 18. Bxd5 f5 19. Bxc6+ bxc6 20. Ne2 O-O 21.
Qe3 Rab8 22. Kg2 Qd5 23. Nc3 Qe6 24. Rb1 Be5 25. b3 Rbd8 26. Ne2 f4 27. gxf4
Nxf4+ 28. Nxf4 Rxf4 {
a bílý vyhrál v 38. tahu. Zbytek obou partiáøù neèitelný, JK)} 1-0

[Event "Brno CEZ Talent"]
[Site "?"]
[Date "2013.08.27"]
[Round "4"]
[White "Pekar, Vaclav"]
[Black "Roubalik, Jakub"]
[Result "1/2-1/2"]
[WhiteElo "2146"]
[BlackElo "2344"]
[PlyCount "103"]

1. b3 Nf6 2. Bb2 d5 3. e3 Bg4 4. Be2 Bxe2 5. Qxe2 c6 6. f4 Nbd7 7. Nf3 e6 8.
O-O Bd6 9. Be5 Qc7 10. d4 O-O 11. c4 Ne4 12. Nbd2 Nxd2 13. Nxd2 f6 14. Bxd6
Qxd6 15. Rad1 f5 16. g4 fxg4 17. Qxg4 Nf6 18. Qg2 Qa3 19. Nb1 Qb4 20. Qd2 a5
21. c5 Ne4 22. Qc2 a4 23. Rd3 e5 24. a3 axb3 25. Rxb3 Qa4 26. fxe5 Rxf1+ 27.
Kxf1 Rf8+ 28. Kg1 Nxc5 29. Rb2 Qa5 30. Qd2 Qa6 31. Qe2 Qxe2 32. Rxe2 Ne6 33.
Nc3 {(R)} b5 34. a4 bxa4 35. Nxa4 Ra8 36. Ra2 c5 37. dxc5 Nxc5 38. Nc3 Rxa2 39.
Nxa2 Kf7 40. Nb4 Ke6 41. Nc6 Nd7 42. Kg2 Nxe5 43. Nd4+ Kf6 44. Kg3 Nf7 45. Nc6
Nd6 46. Kf3 h5 47. Nb4 Ke6 48. Kf4 Ne4 49. h4 Nc3 50. Kg5 Nd1 51. Kxh5 Nxe3 52.
Nxd5 {(R)} 1/2-1/2

[Event "Brno CEZ Talent"]
[Site "?"]
[Date "2013.08.27"]
[Round "4"]
[White "Skoda, Martin"]
[Black "Karlik, Vladimir"]
[Result "1-0"]
[WhiteElo "2076"]
[BlackElo "2284"]
[PlyCount "37"]

1. e4 c5 2. Nf3 Nc6 3. Bb5 e6 4. O-O Nge7 5. Re1 a6 6. Bf1 d5 7. exd5 Nxd5 8.
d4 Nf6 9. Be3 Be7 10. Nc3 cxd4 11. Nxd4 Nxd4 12. Bxd4 Bd7 13. Qd3 O-O 14. Rad1
Bc6 15. Qg3 Qa5 16. Re5 Qc7 17. Qh3 Rfd8 18. Rg5 Qf4 19. Qh6 1-0

[Event "Brno CEZ Talent"]
[Site "?"]
[Date "2013.08.27"]
[Round "4"]
[White "Dambrauskas, Virginijus"]
[Black "Cizinsky, Petr"]
[Result "1/2-1/2"]
[WhiteElo "2280"]
[BlackElo "2145"]
[PlyCount "109"]

1. d4 Nf6 2. c4 g6 3. f3 c5 4. d5 b5 5. e4 d6 6. cxb5 a6 7. Nc3 Bg7 8. Be3 O-O
9. Qd2 axb5 10. Bxb5 Ba6 11. Bxa6 Rxa6 12. Nge2 Nbd7 13. O-O Qb6 14. Rab1 Ne5
15. b3 Rb8 16. Qc2 Qb7 17. Kh1 Qa8 18. a4 Rb7 19. Nb5 c4 20. Nec3 cxb3 21. Rxb3
Nfd7 22. Rfb1 Nc4 23. Bg1 Ncb6 24. Nd4 Nc5 25. Rb4 Nbxa4 26. Nxa4 Rxb4 {(R)}
27. Rxb4 Rxa4 28. Rxa4 Qxa4 29. Qxa4 Nxa4 30. Nc6 e6 31. Ba7 Bf6 32. e5 Bxe5
33. dxe6 fxe6 34. Nd8 Nc5 35. g3 Bf6 36. Nc6 Kf7 37. Kg2 Ke8 38. Bxc5 dxc5 39.
Na5 Kd7 40. Kf2 Kd6 41. Ke3 Kd5 42. Kd3 Bd4 43. Nc4 Bg1 44. h3 Bf2 45. g4 g5
46. Nb6+ Ke5 47. Nd7+ Kf4 48. Ke2 Be3 49. Nf8 c4 50. Nxe6+ Ke5 51. Kxe3 Kxe6
52. Kd4 c3 53. Kxc3 Ke5 54. Kd3 Kf4 55. Ke2 {(R)} 1/2-1/2

[Event "Brno CEZ Talent"]
[Site "?"]
[Date "2013.08.27"]
[Round "4"]
[White "Panis, Radim"]
[Black "Kulovana, Eva"]
[Result "1/2-1/2"]
[WhiteElo "2052"]
[BlackElo "2250"]
[PlyCount "78"]

1. e4 c6 2. d4 d5 3. Nc3 dxe4 4. Nxe4 Bf5 5. Ng3 Bg6 6. f4 e6 7. Nf3 Nd7 8. Bd3
Bxd3 9. Qxd3 g6 10. O-O Qc7 11. Ne5 Ngf6 12. c4 Bg7 13. Be3 O-O 14. Ne4 Rfd8
15. Ng5 Rf8 16. Rad1 c5 17. Nxd7 Nxd7 18. d5 exd5 19. Qxd5 Rad8 20. b3 b6 21.
Qf3 Nf6 22. f5 Rxd1 23. Rxd1 Re8 24. Bf4 Qe7 25. fxg6 fxg6 26. Bd6 Qe2 27. Qxe2
Rxe2 28. Bb8 h6 29. Rd8+ Bf8 30. Kf1 Rxa2 31. Ne6 Kf7 32. Nxf8 Ne4 33. Nd7 Ke7
34. Bc7 Rd2 35. Nxc5 bxc5 36. Ra8 Ra2 37. Bb8 a6 38. Ra7+ Ke6 39. Rb7 Rb2
1/2-1/2

[Event "Brno CEZ Talent"]
[Site "?"]
[Date "2013.08.27"]
[Round "4"]
[White "Kratochvil, Josef"]
[Black "Richterova, Natasa"]
[Result "1-0"]
[WhiteElo "2241"]
[BlackElo "2059"]
[PlyCount "95"]

1. c4 Nf6 2. d4 e6 3. Nf3 d5 4. Nc3 c6 5. Bg5 Nbd7 6. e3 Qa5 7. Nd2 Bb4 8. Qc2
O-O 9. a3 Bxc3 10. Qxc3 Qxc3 11. bxc3 b6 12. f3 dxc4 13. Nxc4 Nd5 14. Kd2 f6
15. Bh4 c5 16. e4 Ne7 17. Nd6 Rd8 18. Bc4 Nf8 19. Bg3 cxd4 20. cxd4 Nc6 21. Ke3
Na5 22. Ba2 Nb7 23. Nb5 Bd7 24. Nc7 Rac8 25. Rac1 Kf7 26. Rc3 Ke7 27. Rhc1 Ng6
28. h4 Nh8 29. Bc4 Nf7 30. Ba6 Rb8 31. Nb5 e5 32. Rc7 exd4+ 33. Nxd4 Na5 34.
Nf5+ Ke8 35. Nxg7+ Kf8 36. Nh5 Be6 37. Nxf6 Nb3 38. R1c3 Nc5 39. Be2 Ra8 40.
Nxh7+ Kg8 41. Ng5 Nxg5 42. hxg5 Re8 43. Bd6 Nd7 44. f4 a6 45. g4 Rad8 46. e5
Bf7 47. Kf2 b5 48. Ra7 1-0

[Event "Brno CEZ Talent"]
[Site "?"]
[Date "2013.08.27"]
[Round "4"]
[White "Pokorny, Petr"]
[Black "Uhmann, Jan ml."]
[Result "0-1"]
[WhiteElo "2194"]
[BlackElo "2046"]
[PlyCount "108"]

1. d4 d5 2. c4 e6 3. Nc3 Nf6 4. cxd5 exd5 5. Bg5 Bb4 6. e3 Bf5 7. Qb3 Nc6 8. a3
Bxc3+ 9. bxc3 Na5 10. Qb4 b6 11. Nf3 Qe7 12. Ne5 Qxb4 13. axb4 Ne4 14. Bh4 Nc4
15. Nxc4 dxc4 16. Bxc4 Nxc3 17. Ra3 b5 18. Bxf7+ Kxf7 19. Rxc3 Rhc8 20. Kd2 a5
21. bxa5 Rxa5 22. Rhc1 Ra2+ 23. Kd1 b4 24. Rxc7+ Rxc7 25. Rxc7+ Kg6 26. Rb7 b3
27. Rb6+ Kf7 28. Rb7+ Kg6 29. Rb6+ Kh5 30. Rb5 Kxh4 31. Rxf5 Ra1+ 32. Ke2 b2
33. Kf3 g5 34. Rf6 h5 35. Rb6 b1=Q 36. Rxb1 Rxb1 37. d5 Rb5 38. Ke4 g4 39. d6
Rb2 40. f4 gxf3 41. gxf3 Rxh2 42. Kf5 Rd2 43. Ke6 Kg3 44. f4 Rd3 45. f5 Rxe3+
46. Kd5 h4 47. d7 Rd3+ 48. Ke6 h3 49. Ke7 h2 50. d8=Q Rxd8 51. Kxd8 h1=Q 52. f6
Qd5+ 53. Ke7 Qe5+ 54. Kf7 Kg4 0-1

[Event "Brno CEZ Talent"]
[Site "?"]
[Date "2013.08.27"]
[Round "4"]
[White "Sremanak, Slavomir"]
[Black "Messerschmidt, Stanislav"]
[Result "1-0"]
[WhiteElo "2184"]
[BlackElo "1993"]
[PlyCount "81"]

1. b3 d5 2. Bb2 Nf6 3. e3 g6 4. f4 Bg7 5. Nf3 Bg4 6. Be2 Bxf3 7. Bxf3 e6 8. g4
Nh5 {(R)} 9. Nc3 Qh4+ 10. Kf1 Nf6 11. Qe2 c6 {(R)} 12. Nd1 Nbd7 13. g5 Nh5 14.
Bxh5 Bxb2 15. Nxb2 gxh5 16. Rg1 Qh3+ 17. Rg2 O-O-O 18. Kg1 h6 19. Rf1 Qf5 20.
d3 Rdg8 21. e4 Qh7 22. c4 f6 23. cxd5 exd5 24. exd5 cxd5 25. Qe6 hxg5 26. fxg5
Kb8 27. Qxd5 Rg6 {(R)} 28. Nc4 Qe7 29. Nd6 Nb6 30. Qe4 Qxe4 31. dxe4 fxg5 32.
e5 Nd7 33. Nf7 Re8 34. Rf5 h4 35. Rgxg5 Ree6 36. Kg2 Kc7 37. Kh3 Kb6 38. Kxh4
Kc5 39. Nd8 Rh6+ 40. Kg3 Ra6 41. e6+ 1-0

[Event "Brno CEZ Talent"]
[Site "?"]
[Date "2013.08.27"]
[Round "4"]
[White "Navratil, Jiri"]
[Black "Vechet, Stanislav"]
[Result "0-1"]
[WhiteElo "2036"]
[BlackElo "2165"]
[PlyCount "110"]

1. e4 e5 2. Nf3 Nc6 3. Bb5 a6 4. Ba4 Nf6 5. O-O Be7 6. Re1 b5 7. Bb3 O-O 8. c3
d6 9. d4 Bg4 10. Be3 Na5 11. dxe5 Bxf3 12. Qxf3 dxe5 13. Nd2 Nd7 14. Rad1 Nxb3
15. Nxb3 Bd6 16. Na5 Qc8 17. Nc6 Re8 18. Rd2 Nf8 19. Red1 Qe6 20. Rd5 Nd7 21.
R5d2 Qxa2 22. Nb4 Qe6 23. Nd5 Nf6 24. Nxf6+ Qxf6 25. Qxf6 gxf6 26. Ra1 Kf8 27.
b4 Ke7 28. Rda2 Rec8 29. Rxa6 Rxa6 30. Rxa6 c5 31. Rb6 cxb4 32. cxb4 Rc4 33.
Rxb5 Rxe4 34. Rb7+ Ke6 35. b5 Bc5 36. b6 Bxe3 37. fxe3 Rxe3 38. Rb8 Rb3 39. b7
Kf5 40. Kf2 Ke4 41. Rh8 Rb2+ 42. Ke1 Rxb7 43. Rxh7 f5 44. Rh3 Rb1+ 45. Ke2 Rb2+
46. Kf1 f4 47. Ra3 Kf5 48. Ra5 f6 49. Rc5 Rd2 50. Ra5 f3 51. gxf3 Kf4 52. Ra6
f5 53. Ra3 Rxh2 54. Kg1 Re2 55. Kf1 Re3 0-1

[Event "Brno CEZ Talent"]
[Site "?"]
[Date "2013.08.27"]
[Round "4"]
[White "Stanek, Stanislav"]
[Black "Dobes, Vojtech"]
[Result "0-1"]
[WhiteElo "1967"]
[BlackElo "2105"]
[PlyCount "102"]

1. e4 c5 2. Nc3 Nc6 3. f4 g6 4. Nf3 Bg7 5. Bc4 a6 6. d3 d6 7. O-O e6 8. a4 Nge7
9. Qe2 O-O 10. Bd2 d5 11. Ba2 Nd4 12. Nxd4 cxd4 13. Nd1 Bd7 14. Nf2 Bc6 15. Bb4
Re8 16. Bb3 a5 17. Ba3 b6 18. Rfe1 Rc8 19. e5 b5 20. Bd6 bxa4 21. Bxe7 Rxe7 22.
Bxa4 Bxa4 23. Rxa4 Qb6 24. b3 f6 25. exf6 Bxf6 26. Ng4 Bg7 27. Ne5 Bxe5 28.
fxe5 {(R)} Rec7 29. Ra2 Rf7 30. Rf1 Rxf1+ 31. Qxf1 Rf8 32. Qe1 Qb4 33. Qxb4
axb4 34. Ra6 Rc8 35. Rxe6 Rxc2 36. Rd6 Rc3 37. Rxd5 Rxd3 38. Kf2 Kf7 39. Rd6
Rxb3 40. Rxd4 Ke6 41. Re4 Rb2+ 42. Kf3 b3 43. Re3 h5 44. h4 Rb1 45. Kg3 b2 46.
Re2 g5 47. hxg5 Kf5 48. Rf2+ Kxg5 49. e6 h4+ 50. Kh2 h3 51. Kg3 hxg2 0-1

[Event "Brno CEZ Talent"]
[Site "?"]
[Date "2013.08.27"]
[Round "4"]
[White "Cip, Dalibor"]
[Black "Vesely, Jaromir"]
[Result "0-1"]
[WhiteElo "2103"]
[BlackElo "1961"]
[PlyCount "94"]

1. c4 e5 2. g3 Nc6 3. Bg2 g6 4. Nc3 Bg7 5. Rb1 d6 6. b4 Nh6 7. b5 Ne7 8. d3 O-O
9. Nf3 f5 10. Qb3 Nf7 11. Ng5 h6 12. Nxf7 Rxf7 13. c5 Kf8 14. cxd6 cxd6 15. O-O
Rf6 16. a4 Be6 17. Qb4 Qd7 18. Ba3 Rd8 19. Rbc1 Rf7 20. Rc2 Kg8 21. Rfc1 d5 22.
Nd1 Nc8 23. Ne3 Bf8 24. Qb2 Bxa3 25. Qxa3 f4 26. Nd1 fxg3 27. hxg3 Qd6 28. Qxd6
Nxd6 29. Rc5 Nf5 30. e3 b6 31. Rc6 Re7 32. Rc7 Rdd7 33. Rc8+ Kg7 34. Kf1 d4 35.
e4 Nd6 36. R8c6 g5 37. Nb2 Rf7 38. Ke2 g4 39. Nc4 Bxc4 40. dxc4 Nb7 41. Rh1 d3+
42. Ke3 d2 43. Rd1 Nc5 44. a5 Na4 45. axb6 axb6 46. c5 bxc5 47. b6 Nb2 0-1